000 00203 a2200097 4500
001 26826
100 _aStewart, M
245 _aTriple jeopardy
260 _a
_bHodder staughton
_c
090 _c18058
_d18058
942 _aNUST-CAE
_cM
_c8956
999 _c261899
_d261899